| 000 | 01100cab a22002295a 4500 | ||
|---|---|---|---|
| 001 | L159042 | ||
| 008 | 130731e2015 xxk 000 0 eng d | ||
| 035 | _a(Sirsi) u159042 | ||
| 041 | 0 | _aeng | |
| 110 | 1 |
_aArcadis _96166 |
|
| 245 | 0 | 0 |
_aGlobal built asset wealth index 2015 _h[electronic resource] |
| 260 |
_aOxford _bGCP _c2015 |
||
| 520 | _aCalculates the distribution of the world's wealth in terms of the physical built assets which contribute to a nation's productivity. The index estimates the value of the buildings and infrastructure in 32 countries which collectively represent around 87% of global GDP. The 2015 report puts the UK in 13th place, two places below 2014. | ||
| 590 | _aKA | ||
| 650 | 2 | 4 | _aASSETS |
| 650 | 2 | 4 | _aBUILT ENVIRONMENT |
| 650 | 2 | 4 | _aECONOMIC GROWTH |
| 651 | 4 | _aInternational | |
| 690 | _aBUILT ENVIRONMENT-CONSTRUCTION MARKET | ||
| 856 | 4 | 0 |
_uhttps://www.arcadis.com/media/5/E/6/%7B5E69E0DE-1B61-4608-A2E9-9FE45A405D95%7D9385_Global%20Built%20Asset%20Wealth%20Index%202015%20WEB%2032pp.pdf _zView the item free of charge at the www.arcadis.com |
| 942 | _n0 | ||
| 999 |
_c115640 _d115640 |
||